000 01413nam a2200337 c 4500
003 BLK
005 20250113134326.0
008 180412b bul|||||r ||||||| ||bul||
010 _aKNG00007299000
020 _a954-437-033-1
_bиздат.: Златорогъ
040 _aBLK
041 _aBUL
_cBUL
080 _aАмериканска литература (на САЩ)
_b821.111(73)
_x-31
_z821.111(73)-31
100 1 _aРипли, Александра
_eпърви автор
_9116268
700 1 _aСербезова, Стоянка Минчева
_eпрев. от англ.
_9243864
700 1 _aЛеви, Ели Жак
_eпрев. от англ.
_9242096
139 _aРипли, Александра
_bР 63
245 1 0 _aЗлатните полета
_bРоман
_cАлександра Рипли; прев. от англ. Стоянка Минчева Сербезова; прев. от англ. Ели Жак Леви.
257 _aUSA
260 София
_bЗлаторогъ
_c1995
300 _a416 с.
_c20 см
380 _aX
500 _aОриг. загл. From Fields of Gold / Alexandra Ripley. - 5 000 тир.
653 _aромани
852 _aЦб 178170
856 4 _qpdf
_u
856 4 _qpdf
_u
942 _cKNG
_n0
_017
944 _aCR
_c15.01.2003
_lМинев Младен
_k30530
944 _aED
_c08.03.2016
_lф /
_kЛюдмила_Стоянова
999 _c6077
_d6077